000 002810000a22001210004500
041 0 _aSPA
082 0 4 _aG 864 F365g
100 1 _aFernández Retamar, Roberto
245 1 0 _aEl guacamayo y la serpiente / Roberto Fernández Retamar
300 _a143 Pag
001 11124
942 _cBK
999 _c40492
_d40492